Dios existe...gracias a Dios: crónica de un encuentro

Gorde:
Xehetasun bibliografikoak
Egile nagusia: Pochet, Michel (Egilea)
Formatua: Liburua
Hizkuntza:gaztelania
Argitaratua: Madrid Ciudad Nueva 1985
Gaiak:
Etiketak: Etiketa erantsi
Etiketarik gabe, Izan zaitez lehena erregistro honi etiketa jartzen!

MARC

LEADER 00000nam a2200000 a 4500
001 UCN0829
003 CL-VaPUC
008 010406e19850000SP |||||||||||||||||spa|d
082 0 4 |a 248.2  |b POC  |2 21 
100 0 |a Pochet, Michel  |e author  |9 456078 
245 1 0 |a Dios existe...gracias a Dios: crónica de un encuentro 
300 |a 165 p 
942 |c BK 
945 |d 20010406 00:00:00  |a cmena 
260 |a Madrid  |b Ciudad Nueva  |c 1985 
650 0 |a Experiencia religiosa  |9 315549 
650 0 |a Creencia Religiosa  |9 316904 
650 7 |a CONVERSION  |2 CL-VaPUC  |9 310975 
650 0 |a Cristianismo  |9 257361 
583 |a last modification  |c 20010406 00:00:00  |k Rodrigo Vera 
999 |c 294451  |d 294449 
952 |0 0  |1 0  |4 0  |6 248_200000000000000_POC_1985  |7 0  |8 A  |9 346885  |a BIBTEO  |b BIBTEO  |d 2019-11-20  |i 367911K  |o 248.2 POC 1985  |p 367911K  |r 2025-01-17  |w 2019-11-20  |y BK  |k ICR